000 00502nam a2200181Ia 4500
001 16769
005 20260306170335.0
008 260306t2021||||xx |||||||||||||| ||und||
041 _aESP
082 _a349.853
_bA47
100 _aAlva Arévalo, Amelia,
_eAUT
245 0 _aConflicto y justicia en coimunidades campesinas, comunidades nativas y rondas campesinas en el Perú
260 _c2021
300 _a417 páginas :
_c24 cm.
650 _aGEN
654 _aCDE
942 _cLIB
_dJUS
_fJUS
_2ddc
_n
999 _c16769
_d16769